01009cam a2200301 a 45000010005000000030006000050050017000110080041000280100017000690200022000860200015001080400023001230500017001460820012001631000027001752450074002022500041002762600043003173000040003604900018004005050007004185200166004255210018005915210018006096500028006276500021006557000031006765953FISKH20250211092455.0991214s2000 nyua c 000 1 eng  a 99087893  a0689835744 (pbk.) a0689835744 aDLCcDLCdDLCbeng aPZ7.C62475 S a823.9141 aClover, Peterd(1952-)10aSheltie the Shetland pony /cwritten and illustrated by Peter Clover. aThis edition first published in 2000 aNew York :bAladdin Paperbacks,c1996. a93 pages :billustrations ;c20 cm.1 aSheltie ;v#1 aL  aEmma is dubious about moving to the country until she meets Sheltie, a very clever Shetland pony who solves the mystery of who is stealing a neighbor's cabbages.8 a510 bLexile 8 aL bRaz-Plus  1aShetland ponyvFiction. 1aPoniesvFiction. aClover, Peterdillustrator